Generalidades sobre maquinaria para movimiento de tierra en nuestro medio.
Spremljeno u:
| Glavni autor: | |
|---|---|
| Format: | Nepoznato |
| Izdano: |
[San José, Costa Rica]
1968
|
| Teme: | |
| Oznake: |
Dodaj oznaku
Bez oznaka, Budi prvi tko označuje ovaj zapis!
|
MARC
| LEADER | 00000 a2200000 4500 | ||
|---|---|---|---|
| 003 | 011273 | ||
| 005 | 20221231143813.0 | ||
| 008 | 140114s1968 cr a m 000 ||s d | ||
| 040 | |c cru CEDI | ||
| 090 | |a TFG 329 | ||
| 100 | |a Castro González, Henry |9 17772 | ||
| 245 | |a Generalidades sobre maquinaria para movimiento de tierra en nuestro medio. | ||
| 260 | |c 1968 |a [San José, Costa Rica] | ||
| 300 | |a 96 hojas : cuadros ; 29 cm | ||
| 500 | |a Tesis (Ingeniero Civil) Universidad de Costa Rica. | ||
| 650 | |x MAQUINARIA PARA MOVIMIENTO DE TIERRAS |9 16592 | ||
| 942 | |c TFG | ||
| 999 | |c 12231 |d 12231 | ||
